| 000 | 03661cam a22012374i 4500 | ||
|---|---|---|---|
| 003 | PE-LiUPU | ||
| 005 | 20250813185615.0 | ||
| 008 | 150706s r 000 0 d | ||
| 020 | _a9786124572708 | ||
| 035 | _a(Sirsi) i9786124572708 | ||
| 040 |
_aPE-LiUPU _bspa _cPE-LiUPU _erda |
||
| 049 | _aPRUA | ||
| 082 | 0 | 4 |
_a333.7 _bM26 _221 |
| 100 | 1 |
_aMartíñez Alier, Joan, _eautor. |
|
| 245 | 1 | 3 |
_aEl ecologismo de los pobres : _bconflictos ambientales y lenguajes de valoración / _cJoan Martínez Alier. |
| 250 | _a4a ed | ||
| 264 | 1 |
_aLima : _bEspiritrompa Ediciones, _c2010. |
|
| 300 |
_a416 páginas ; _c21 cm. |
||
| 336 |
_atext _2rdacontent |
||
| 337 |
_aunmediated _2rdamedia |
||
| 338 |
_avolume _2rdacarrier |
||
| 504 | _aIncluye bibliografía. | ||
| 505 | 0 | _aCorrientes del ecologismo -- Economía ecológica: "tener en cuenta a la naturaleza" -- Índices de (in)sustentabilidad de neomaltusianismo -- Ecología política: el estudio de los conflictos ecológicos distributivos -- La defensa de los manglares contra las camaroneras -- El ecologismo de los pobres: oro, petróleo bosques, ríos, biopiratería -- Los indicadores de sustentabilidad urbana como indicadores de conflicto social -- La justicia ambiental en Estados Unidos y Sudáfrica -- El Estado y otros actores -- La deuda ecológica -- Las relaciones entre la ecología política y la economía ecológica -- Epílogo a la tercera edición, Joan Martínez Alier -- El ecologismo de los pobres, veinte años después: México India y Perú. | |
| 526 | _aP202 | ||
| 526 | _aP201 | ||
| 526 | _aP163 | ||
| 526 | _aP162 | ||
| 526 | _aP161 | ||
| 526 | _aP160 | ||
| 526 | _aP148 | ||
| 526 | _aP147 | ||
| 526 | _aP146 | ||
| 526 | _aP145 | ||
| 526 | _aP144 | ||
| 526 | _aP143 | ||
| 526 | _aP142 | ||
| 526 | _aP141 | ||
| 526 | _aP140 | ||
| 526 | _aP139 | ||
| 526 | _aP138 | ||
| 526 | _aP137 | ||
| 526 | _aP136 | ||
| 526 | _aP135 | ||
| 526 | _aP134 | ||
| 526 | _aP133 | ||
| 526 | _aP129 | ||
| 526 | _aP128 | ||
| 526 | _aP127 | ||
| 526 | _aP120 | ||
| 526 | _aP119 | ||
| 526 | _aP118 | ||
| 526 | _aP116 | ||
| 526 | _aP115 | ||
| 526 | _aP114 | ||
| 526 | _aP110 | ||
| 526 | _aP109 | ||
| 526 | _aP108 | ||
| 526 | _aP104 | ||
| 526 | _aP103 | ||
| 526 | _aP102 | ||
| 526 | _aP99 | ||
| 526 | _aP98 | ||
| 526 | _aP97 | ||
| 526 | _aP96 | ||
| 526 | _aP95 | ||
| 526 | _aP93 | ||
| 526 | _aP90 | ||
| 526 | _aP89 | ||
| 526 | _aP88 | ||
| 526 | _aP83 | ||
| 526 | _aP82 | ||
| 526 | _aP62 | ||
| 526 | _aP59 | ||
| 526 | _aP58 | ||
| 526 | _aP57 | ||
| 526 | _aP51 | ||
| 526 | _aP49 | ||
| 526 | _aP48 | ||
| 526 | _aP47 | ||
| 526 | _aP29 | ||
| 526 | _aP24 | ||
| 526 | _aP20 | ||
| 526 | _aP19 | ||
| 526 | _aP17 | ||
| 526 | _aP15 | ||
| 526 | _aP14 | ||
| 526 | _aP12 | ||
| 526 | _aP10 | ||
| 526 | _aP09 | ||
| 526 | _aP08 | ||
| 526 | _aP07 | ||
| 526 | _aP06 | ||
| 526 | _aP05 | ||
| 526 | _aP04 | ||
| 526 | _aP01 | ||
| 541 | _g015-0014332; | ||
| 650 | 0 | 4 | _aEconomía ambiental. |
| 650 | 0 | 4 | _aEcología humana. |
| 650 | 0 | 4 | _aPolítica ambiental. |
| 910 |
_agl _bjv _cng _d20121009 |
||
| 942 |
_2ddc _cBOOK |
||
| 949 |
_a333.7 M26 _wDEWEY _c1 _i65519 _lCCODEBUL1 _mBUL _p23.00 _r0 _sY _tBOOK _u2015-7-6 _xINGENIERIA _PP24 _o.STAFF. Colección General |
||
| 994 |
_aC0 _bPEPRU |
||
| 596 | _a1 | ||
| 999 |
_a333.7 M26 _wDEWEY _c54002 _i65519 _d54002 _e2015-9-4 _f2021-11-9 _g7 _lCCODEBUL1 _mBUL _n1 _p23.00 _q1 _r0 _sY _tBOOK _u2015-7-6 _xINGENIERIA _PP24 _0COMPRA _o.STAFF. Colección General |
||
| 980 |
_81 _gALBERTO SANCHEZ Responsable de Automatización |
||